Personal de treball social
Descripción Física:
[6] p. ; 21 cm
MARC
| LEADER | 00000nam a2200000Ia 4500 | ||
|---|---|---|---|
| 001 | 23504 | ||
| 008 | 160829s2012 xx 000 0 cat d | ||
| 080 | |a FU-61-56 | ||
| 245 | |a Personal de treball social | ||
| 260 | |a Barcelona : |b Diputació de Barcelona, |c 2012 | ||
| 300 | |a [6] p. ; |c 21 cm | ||
| 590 | |a A la coberta: A l'Ajuntament fem Prevenció de Riscos Laborals. Tu també! | ||
| 650 | |a Treballadors socials |x Barcelona (Província) |9 49751 | ||
| 650 | |a Seguretat en el treball |x Barcelona (Província) |9 48889 | ||
| 710 | 1 | |a Barcelona (Catalunya : Província). |b Diputació |9 52408 | |
| 901 | |a Arxiu | ||
| 942 | |n 1 | ||
| 952 | |0 0 |1 0 |4 0 |6 FU6156 |7 1 |9 54942 |a Arxiu |b Arxiu |d 2012-08-06 |l 0 |o FU-61-56 |p 23504 |r 2016-12-01 00:00:00 |w 2016-12-01 |y ARXIU | ||
| 999 | |c 58812 |d 58812 | ||